000 00664nam a2200193Ia 4500
003 GCL
008 140319s9999 xx 000 0 ara d
040 _aGCL /
_cGCL
082 0 4 _a370
_bع م
100 1 _aعبدالعزيز عطا الله المعايطة
245 1 0 _aمقدمة فى اصول التربية /
_cعبدالعزيز عطا الله المعايطة
250 _aالاولى
260 _aالكويت :
_bمكتبة الفلاح ،
_c2005
300 _a328 ص ؛
_c24 سم
650 0 4 _aالتربية
650 0 4 _aعلم النفس التربوى
650 0 4 _aالتعليم - التنمية الاجتماعية
942 _2ddc
_cBK
999 _c51198
_d51198